Business periodicals index

Gespeichert in:
Bibliographische Detailangaben
Format: Schriftenreihe
Sprache:Englisch
Veröffentlicht: New York <The> H.W. Wilson Company
Schlagworte:
Tags: Tag hinzufügen
Keine Tags, Fügen Sie das erste Tag hinzu!

MARC

LEADER 00000nas1a2200000 4500
001 s125141
005 20230509135127.8
022 |a 0007-6961 
041 0 |a eng 
044 |a US 
245 1 0 |a Business periodicals index 
264 1 |a New York  |b <The> H.W. Wilson Company 
610 2 0 |a bibliografia 
610 2 0 |a literatúra